Statistics for 2017 MLB AL All-Star team

Click here to take the quiz!

General Stats

  • This quiz has been taken 208 times
  • The average score is 17 of 32

Answer Stats

TeamPositionPlayer% Correct
KCCSalvador Perez
93%
HOU2BJose Altuve
91%
LAACFMike Trout
89%
NYYRFAaron Judge
87%
HOUSSCarlos Correa
85%
CLE3BJose Ramirez
82%
NYYCGary Sanchez
81%
HOUCFGeorge Springer
81%
CLESSFrancisco Lindor
69%
BOSRFMookie Betts
67%
TOR1BJustin Smoak
66%
SEADHNelson Cruz
60%
SEA2BRobinson Cano
58%
CLESPCorey Kluber
57%
BOSSPChris Sale
55%
MIN3BMiguel Sano
53%
BOSCPCraig Kimbrel
49%
CLELFMichael Brantley
45%
NYYSPLuis Severino
43%
CLERPAndrew Miller
42%
HOUSPDallas Keuchel
42%
TEXSPYu Darvish
42%
NYY2BStarlin Castro
39%
NYYRPDellin Betances
38%
BAL2BJonathan Schoop
36%
TBDHCorey Dickerson
32%
DETSPMichael Fulmer
30%
OAK1BYonder Alonso
28%
CHWRFAvisail Garcia
25%
MNGnoneTerry Francona
22%
KCSPJason Vargas
16%
HOUSPLance McCullers Jr.
16%

Score Distribution

Percentile by Number Answered

Percent of People with Each Score

Your Score History

You have not taken this quiz